[Event "Aswan op 3rd"]
[Site "Aswan"]
[Date "2012.12.07"]
[Round "6"]
[White "Aly, Magdy"]
[Black "Sadek, Sameh"]
[Result "0-1"]
[WhiteElo "1830"]
[BlackElo "2341"]
[PlyCount "74"]
[EventDate "2012.12.02"]
[EventType "swiss"]
[EventRounds "9"]
[EventCountry "EGY"]
[SourceTitle "EXT 2014"]
[Source "ChessBase"]
[SourceDate "2013.11.20"]
[SourceVersion "1"]
[SourceVersionDate "2013.11.20"]
[SourceQuality "1"]

1. c4 c6 2. Nf3 d5 3. e3 Nf6 4. b3 Bf5 5. Nc3 e6 6. Bb2 Be7 7. Be2 h6 8. 0-0 0-0 9. d3 a5 10. cxd5 exd5 11. Qc2 Na6 12. Rad1 Bh7 13. a3 Nc5 14. Nb1 Qb6 15. Nbd2 Ne6 16. a4 Rfc8 17. Nd4 Nxd4 18. Bxd4 c5 19. Bxf6 Bxf6 20. Bg4 Rc7 21. e4 Qa6 22. Be2 dxe4 23. Nxe4 Bd4 24. Nd2 b5 25. Nf3 Bf6 26. Nd2 bxa4 27. bxa4 Rb8 28. Rb1 Rb4 29. Nc4 Rd7 30. Rfd1 Bf5 31. Ne3 Rxb1 32. Qxb1 Be6 33. Qc2 Bd4 34. Rb1 Rb7 35. Rxb7 Qxb7 36. Bf3 Qb4 37. Nc4 Qe1# 0-1